000 00816nam a22002777a 4500
001 BR9501609
003 BR-BrBNA
005 20230928094615.0
007 ta
008 230509b bl.||||| |||| 00| 0 por d
040 _aBR-BrBNA
_bpor
_cBiblioteca Nacional de Agricultura
041 _a(Por)
072 _aE14
090 _ E14 BR9501609
110 1 _aPrefeitura Municipal de Concordia, SC (Brasil)
_97867
245 1 _aPlano diretor da propriedade rural do municipio de Concordia estado de Santa Catarina
260 3 _aConcordia, SC (Brasil):
_c1991.
300 _a6 p.
500 _a16 tables; 6 illus.
650 _aPlanejamento Regional
650 _aPolitica Agricola
650 _aProjeto de Desenvolvimento
650 _aSanta Catarina
909 _a202309
_bLucia
_c55
_dLucia Elande
942 _cBK
999 _c51621
_d51621